00668nam a2200181 a 450000100100000000500170001000800410002702000150006804000250008310000390010824501240014726000280027130000210029949000200032083000240034095201050036499900170046900004388420201002045027.0140508s1974 sp 000 0 spa d a8433600621 aDO-SdBNPbspacBNPHU1 aIsasi Angulo, Amando Carlos97177410aDiálogos del teatro español de la postguerra :bentrevistas con Max Aub ... [et al.] /cAmando Carlos Isasi Angulo. aMadrid :bAyuso,c1974. a547 p. ;c21 cm.1 aFuentetetajav1 0aFuentetetaja971775 001050718MOaGRbGRcCTd2014-05-08iLF1l0o p43884-10r2020-06-25w2020-06-25y1ZNo se presta c43373d43373